Statistiken für US-Bundesstaaten, die am Meer liegen

Klicken Sie hier um das Quiz zu spielen!

Allgemein

  • Dieses Quiz wurde 417 mal gespielt
  • Das Durchschnittsergebnis liegt bei 19 aus 23

Antwortstatistiken

Antwort% Korrekt
Kalifornien
97%
Washington
97%
Florida
96%
New York
93%
Maine
88%
North Carolina
88%
Oregon
88%
Alabama
87%
South Carolina
87%
New Jersey
86%
Georgia
84%
Texas
84%
Rhode Island
83%
Virginia
81%
Louisiana
80%
Delaware
78%
Maryland
75%
Mississippi
74%
Connecticut
70%
Massachusetts
69%
Alaska
67%
Hawaii
66%
New Hampshire
63%

Verteilung der Resultate

Perzentil nach korrekt beantworteten Fragen

Anzahl Personen mit jedem Resultat

Ihre Resultats-Entwicklung

Sie haben dieses Quiz noch nicht gespielt